| 000 | 01026cam a2200289 a 4500 | ||
|---|---|---|---|
| 001 | 4879540 | ||
| 003 | OSt | ||
| 005 | 20240624163051.0 | ||
| 008 | 920820s1990 enka b 001 0 eng | ||
| 010 | _a 92202692 | ||
| 020 | _a0340539194 | ||
| 040 |
_aDDC _cMUST |
||
| 050 | 0 | 0 |
_aQA276.4 _b.C62 1990 |
| 082 | 0 | 0 |
_a519.5/0285 _220 |
| 100 | 1 |
_aCooke, D. _q(Dennis), _d1929- _917716 |
|
| 245 | 1 | 0 |
_aBasic statistical computing / _cD. Cooke, A.H. Craven, G.M. Clarke. |
| 250 | _a2nd ed. | ||
| 260 |
_aLondon : _bE. Arnold, _c1990. |
||
| 300 |
_axiii, 178 p. : _bill. ; _c25 cm. |
||
| 504 | _aIncludes bibliographical references and index. | ||
| 650 | 0 |
_aMathematical statistics _xData processing. _917717 |
|
| 700 | 1 |
_aCraven, A. H. _917718 |
|
| 700 | 1 |
_aClarke, G. M. _q(Geoffrey Mallin) _917719 |
|
| 856 | 4 | 1 |
_3Table of contents only _uhttp://www.loc.gov/catdir/enhancements/fy0637/92202692-t.html |
| 942 |
_2ddc _cO_SHELF |
||
| 999 |
_c8769 _d8769 |
||